01420nam a2200349Ia 4500001001200000003000800012006001900020007001500039008004100054010001700095020001500112040002100127035002000148050002800168082002300196245012200219260004300341300001800384490002600402504005100428533015200479650004100631650006000672650003800732655002900770700002900799700004800828710001700876830003400893856012600927999001701053ebr10070371CaPaEBRm u cr cn|||||||||040910s2005 dcu sb 001 0 eng d z 2004058811 z0821358634 aCaPaEBRcCaPaEBR a(OCoLC)5719800714aHD9018.D44bG565 2005eb04a382/.41/09172422200aGlobal agricultural trade and developing countriesh[electronic resource] /ceditors M. Ataman Aksoy, John C. Beghin. aWashington, D.C. :bWorld Bank,c2005. axviii, 329 p.1 aTrade and development aIncludes bibliographical references and index. aElectronic reproduction.bPalo Alto, Calif. :cebrary,d2009.nAvailable via World Wide Web.nAccess may be limited to ebrary affiliated libraries. 0aProduce tradezDeveloping countries. 0aProduce tradexGovernment policyzDeveloping countries. 0aInternational economic relations. 7aElectronic books.2local1 aAksoy, M. Ataman,d1945-1 aBeghin, John C.q(John Christopher),d1954-2 aebrary, Inc. 0aTrade and development series.40uhttp://site.ebrary.com/lib/rucke/Doc?id=10070371zAn electronic book accessible through the World Wide Web; click to view c31240d31240